00752nam a2200241 a 4500001001300000003000900013005001700022008004100039020002300080082002000103100001700123245007500140260004500215300000900260500003500269505001000304650001600314700001700330902000800347942000700355952013300362999001500495nice12345678IN_TiNIC20260116012732.0050524s1991 mada grp 000 0 eng  a8185427 c22500a305.40954bRAJ1 aRaj, Sebasti aQuest for Gender Justiceb a Critique of the Status of Women in India. aMadrasbSatya Nilayam Publicationsc1991 a245p aincludes index and biblioraphy2 aIndex aWomen-India1 aRaj, Sebasti bSRS cBK 001040708StackRoom-aHMIbHMId2007-03-21g225.00l2o305.40954 RAJ1p014165r2019-09-20s2019-09-06v225.00w2005-05-24yBK c8159d8159